13 Most Famous Cities in Kyrgyzstan on a Map - Statistics

General Stats
  • This quiz has been taken 72 times
  • The average score is 6 of 13
Answers on the Map
Answers color-coded by a green-red scale on the quiz's map according to % correct below.
 
Answer Stats
Wiki Monthly Views Cityquiz Mention Rate Population Answers % Correct
85.43K 32.69% 1103.56K Bishkek
100%
23.03K 7.91% 315.88K Osh
96%
8.73K 1.37% 117.53K Jalal-Abad
67%
3.84K 0.31% 41.07K Talas
52%
4.34K 0.66% 41.68K Naryn
48%
8.92K 1.64% 77.24K Karakol
44%
6.85K 0.84% 73.43K Tokmok
37%
2.59K 0.31% 61.77K Özgön
27%
2.32K 0.24% 19.39K Batken
25%
2.62K 0.19% 23.25K Kant
25%
2.41K 0.63% 51.49K Balykchy
23%
2.72K 0.24% 52.50K Kara-Balta
23%
3.42K 0.16% 12.55K Cholpon-Ata
15%
No matching quizzes found
Score Distribution
Percent of People with Each Score
Percentile by Number Answered
Your Score History
You have not taken this quiz